Lectures on gynecological pathology, (Record no. 90393)

MARC details
000 -LEADER
fixed length control field 00804cam a22002411 4500
001 - CONTROL NUMBER
control field sg 44000139
003 - CONTROL NUMBER IDENTIFIER
control field DLC
005 - DATE AND TIME OF LATEST TRANSACTION
control field 20260227112743.0
008 - FIXED-LENGTH DATA ELEMENTS--GENERAL INFORMATION
fixed length control field 810920s1943 xx b 000 0 eng
010 ## - LIBRARY OF CONGRESS CONTROL NUMBER
LC control number sg 44000139
035 ## - SYSTEM CONTROL NUMBER
System control number (OCoLC)14736673
040 ## - CATALOGING SOURCE
Original cataloging agency DLC
Transcribing agency DNLM
Modifying agency DLC
042 ## - AUTHENTICATION CODE
Authentication code premarc
050 00 - LIBRARY OF CONGRESS CALL NUMBER
Classification number RG101
Item number .C45
060 0# - NATIONAL LIBRARY OF MEDICINE CALL NUMBER
Classification number WP 140
Item number C443L 1943
100 1# - MAIN ENTRY--PERSONAL NAME
Personal name Chamberlin, James Allen,
Dates associated with a name 1911-
245 10 - TITLE STATEMENT
Title Lectures on gynecological pathology,
Statement of responsibility, etc. by James Allen Chamberlin, M. D.
260 ## - PUBLICATION, DISTRIBUTION, ETC.
Place of publication, distribution, etc. New Orleans, La.,
Name of publisher, distributor, etc. Dept. of gynecology, Tulane university of Louisiana
Date of publication, distribution, etc. [c1943]
300 ## - PHYSICAL DESCRIPTION
Extent vi numb. l., 1 l., 171 (i. e. 182), 13 numb. l.
500 ## - GENERAL NOTE
General note Reproduced from type-written copy.
500 ## - GENERAL NOTE
General note Includes extra numbered leaves.
504 ## - BIBLIOGRAPHY, ETC. NOTE
Bibliography, etc. note "References" at end of each chapter.

No items available.

Powered by Koha